International Financial Reporting and Analysis (Record no. 9607)

MARC details
000 -LEADER
fixed length control field 00616nam a22002177a 4500
003 - CONTROL NUMBER IDENTIFIER
control field OSt
005 - DATE AND TIME OF LATEST TRANSACTION
control field 20260225160332.0
008 - FIXED-LENGTH DATA ELEMENTS--GENERAL INFORMATION
fixed length control field 260225b |||||||| |||| 00| 0 eng d
020 ## - INTERNATIONAL STANDARD BOOK NUMBER
International Standard Book Number 9781292102993
040 ## - CATALOGING SOURCE
Transcribing agency DDC
082 ## - DEWEY DECIMAL CLASSIFICATION NUMBER
Classification number 657.3 ALE 2016
100 ## - MAIN ENTRY--PERSONAL NAME
Personal name Alexander, David; Nobes, Christopher
9 (RLIN) 6769
245 ## - TITLE STATEMENT
Title International Financial Reporting and Analysis
250 ## - EDITION STATEMENT
Edition statement Int. ed.
260 ## - PUBLICATION, DISTRIBUTION, ETC. (IMPRINT)
Place of publication, distribution, etc. England; pearson, 2016
300 ## - PHYSICAL DESCRIPTION
Extent xviii,477p.; Ill: 24.5cm
504 ## - BIBLIOGRAPHY, ETC. NOTE
Bibliography, etc Appendices, glossary, & index included
650 ## - SUBJECT ADDED ENTRY--TOPICAL TERM
Topical term or geographic name as entry element Financial reporting
9 (RLIN) 19522
650 ## - SUBJECT ADDED ENTRY--TOPICAL TERM
Topical term or geographic name as entry element Finance
9 (RLIN) 5401
942 ## - ADDED ENTRY ELEMENTS (KOHA)
Source of classification or shelving scheme Dewey Decimal Classification
Koha item type Open Shelf
Holdings
Withdrawn status Lost status Source of classification or shelving scheme Damaged status Not for loan Home library Current library Date acquired Source of acquisition Inventory number Total Checkouts Full call number Barcode Date last seen Koha item type
    Dewey Decimal Classification     MUST Main Library MUST Main Library 25/02/2026 Purchase 25/42507   657.3 ALE 2016 2026-0021 25/02/2026 Open Shelf
    Dewey Decimal Classification     MUST Main Library MUST Main Library 25/02/2026 Purchase 25/42508   657.3 ALE 2016 2026-0022 25/02/2026 Open Shelf